Efekty priestorovo neutrálnej politiky na najzaostalejšie regióny
Priestorovo neutrálna politika je často kritizovaná za jej neschopnosť adekvátne reagovať na rôzne potreby rôznych typov regiónov, a to najmä vo väzbe na najzaostalejšie regióny. Absentujú empirické štúdie, ktoré by na efekty takéhoto typu politiky poukázali. Autori v článku analyzujú priestorové as...
Enregistré dans:
| Auteur principal: | |
|---|---|
| Autres auteurs: | , |
| Format: | Chapitre de livre |
| Langue: | slovaque |
| Sujets: | |
| Tags: |
Pas de tags, Soyez le premier à ajouter un tag!
|
MARC
| LEADER | 00000nla a2200000 4500 | ||
|---|---|---|---|
| 001 | 0245635 | ||
| 005 | 20240502083655.4 | ||
| 041 | 0 | |a slo | |
| 044 | |a CZ | ||
| 245 | 1 | 0 | |a Efekty priestorovo neutrálnej politiky na najzaostalejšie regióny |c Miroslav Šipikal, Kristína Vrábľová, Alexandra Lešková |
| 520 | |a Priestorovo neutrálna politika je často kritizovaná za jej neschopnosť adekvátne reagovať na rôzne potreby rôznych typov regiónov, a to najmä vo väzbe na najzaostalejšie regióny. Absentujú empirické štúdie, ktoré by na efekty takéhoto typu politiky poukázali. Autori v článku analyzujú priestorové aspekty takejto politiky na prípadovej štúdii podpory zo štrukturálnych fondov EÚ v Slovenskej republike. Poukazujú na veľké medziregionálne rozdiely v jej čerpaní. | ||
| 610 | 2 | 0 | |a regióny |
| 610 | 2 | 0 | |a rozvoj regionálny |
| 610 | 2 | 0 | |a fondy štruktúrne |
| 610 | 2 | 0 | |a zdroje finančné |
| 610 | 2 | 0 | |a obce |
| 610 | 2 | 0 | |a analýzy |
| 610 | 2 | 0 | |a Slovensko |
| 100 | 1 | |a Šipikal, Miroslav, 1976- | |
| 700 | 1 | |a Vrábľová, Kristína | |
| 700 | 1 | |a Lešková, Alexandra, 1990- | |